| 000 | 00499nam a2200169Ia 4500 | ||
|---|---|---|---|
| 008 | 230917s9999||||xx |||||||||||||| ||und|| | ||
| 020 | _cRS385 | ||
| 040 |
_e213880 _aMAIN |
||
| 041 | _aEnglish | ||
| 082 | _a005.1 G41S | ||
| 100 | _aGill, Nasib Singh | ||
| 245 | 0 | _aSoftware engineering : Software reliability, testing and quality assurance | |
| 260 |
_aNew Delhi _bKhanna Book Publishing _c[n.d.] |
||
| 300 | _axxxiv, 622 p. | ||
| 500 | _a125 17/01/201 174 28/01/2014 Main Budget | ||
| 942 | _cBK | ||
| 999 |
_c11094 _d11094 |
||